000 00625cam a2200181 i 4500
005 20251130130709.0
008 250721s9999 xx gr 000 0 ara d
082 1 4 _a212
_bخ ا ل
100 1 _aالعك، خالد عبد الرحمن
_eمؤلف.
245 1 0 _aأصول التفسير لكتاب الله تعالى المنير /
_cتأليف خالد عبدالرحمن العك.
264 3 1 _bمكتبة الفارابي.
300 _a246 صفحة.
650 1 7 _aالقرآن الكريم.
650 1 7 _aتفسير القرآن.
650 1 7 _aسور القرآن.
942 _2ddc
_cBK
999 _c17058
_d17058